00711nam a2200193Ia 4500001001000000003000500010008004100015010001100056040000900067082001900076100001600095245007900111300001000190440001500200500021700215650005200432700001700484700001600501Para_2722CHAP220125s1932 xx 000 0 und d a201316 cCHAP aPA-C 595.77 D5 aDove, W. E. aThe salt marsh sand fly problem /c W. E. Dove, D. G. Hall and J. B. Hull a23 p. aDiptera; 1 aSobretiro de: Annals entomological society of América 25: 505 - 527, 1932. Encuadernado con: Key to gall midges (A resume of studies I-VII, itonididae) / by Ephraim Porter Felt 70-208 aDipteros x Colecciones de escritos Colicoides aHall, D. G.  aHull, J. B.